Pays de l'ancienne Yougoslavie - Statistiques

Statistiques générales
  • Ce quiz a été pris 108 fois
  • Le résultat moyen est 6 sur 6
Statistiques - réponses
Réponse % Correct
Croatie
99%
Bosnie-Herzégovine
98%
Serbie
97%
Macédoine du Nord
93%
Monténégro
93%
Slovénie
87%
Aucun quiz correspondant
Distribution des résultats
% des personnes avec chaque résultat
Percentile par nombre de réponses
Votre historique - résultats
Vous n’avez pas pris ce quiz